POST-BUKLING OF ELASTIC STRUCTURES (Record no. 546816)

000 -LEADER
fixed length control field 00488 a2200157 4500
020 ## - INTERNATIONAL STANDARD BOOK NUMBER
International Standard Book Number 0-444-98978-1
082 ## - DEWEY DECIMAL CLASSIFICATION NUMBER
Classification number 624.1776
Author Mark POS
-- L-20-P-217
100 ## - MAIN ENTRY--PERSONAL NAME
Personal name Szabo, J
9 (RLIN) 43011
245 ## - TITLE STATEMENT
Title POST-BUKLING OF ELASTIC STRUCTURES
Remainder of title DEVELOPMENTS IN CIVIL ENGINEERING
260 ## - PUBLICATION, DISTRIBUTION, ETC.
Place of publication, distribution, etc. NEW YARK
Name of publisher, distributor, etc. ELSEVIER PUB
Date of publication, distribution, etc. 1986
300 ## - PHYSICAL DESCRIPTION
Extent X, 433P.
Dimensions 24CM
500 ## - GENERAL NOTE
General note STRUCTURES
526 ## - STUDY PROGRAM INFORMATION NOTE
Program name 0
Interest level 0
Reading level 0
Title point value 624_177600000000000_POS_L20P21
526 ## - STUDY PROGRAM INFORMATION NOTE
Program name 0
Interest level 0
Reading level 0
Title point value 624_177600000000000_POS_L20P21
942 ## - ADDED ENTRY ELEMENTS (KOHA)
Source of classification or shelving scheme
Koha item type Book Bank
Holdings
Withdrawn status Lost status Source of classification or shelving scheme Damaged status Not for loan Permanent Location Current Location Date acquired Total Checkouts Full call number Barcode Date last seen Price effective from Koha item type Date last checked out
          Military College of Engineering (MCE) Military College of Engineering (MCE) 06/20/2014   624.1776 POS L-20-P-217 MCE-28500 06/20/2014 06/20/2014 Book Bank  
          Military College of Engineering (MCE) Military College of Engineering (MCE) 06/20/2014 1 624.1776 POS L-20-P-217 MCE-28759 06/23/2014 03/14/2021 Book Bank 06/23/2014
© 2023 Central Library, National University of Sciences and Technology. All Rights Reserved.